| 000 | 01084pam a2200289 a 4500 | ||
|---|---|---|---|
| 001 | 2410 | ||
| 005 | 20231124154746.0 | ||
| 020 |
_a0590458973 : _c$14.95 |
||
| 040 |
_aDLC _cDLC _dDLC _dOCoLC _dDLC |
||
| 050 | 0 | 0 |
_aPZ7.M992 _bGl 1994 |
| 082 | 0 | 0 |
_a[Fic] _220 |
| 100 | 1 |
_aMyers, Walter Dean, _d1937-2014. |
|
| 245 | 1 | 4 |
_aThe Glory Field / _cby Walter Dean Myers. |
| 260 |
_aNew York : _bScholastic, _c1994. |
||
| 300 |
_a375 pages : _c20 cm. |
||
| 505 | _aM | ||
| 520 | _aFollows a family's two hundred forty-one year history, from the capture of an African boy in the 1750s through the lives of his descendants, as their dreams and circumstances lead them away from and back to the small plot of land in South Carolina that they call the Glory Field. | ||
| 521 |
_a800
_bLexile |
||
| 521 |
_aM
_bRaz-Plus |
||
| 650 | 0 |
_aAfrican Americans _vFiction. |
|
| 650 | 1 |
_aAfrican Americans _vFiction. |
|
| 650 | 1 |
_aFamilies _vFiction. |
|
| 650 | 1 |
_aDiscrimination _vFiction. |
|
| 650 | 1 |
_aSlavery _vFiction. |
|
| 906 |
_a7 _bcbc _corignew _d1 _eocip _f19 _gy-gencatlg |
||
| 942 |
_2lcc _cBK _n0 |
||
| 999 |
_c2410 _d2410 |
||